Statistics for QUIZ ABOUT FINLAND

Click here to take the quiz!

General Stats

  • This quiz has been taken 109 times
  • The average score is 19 of 21

Answer Stats

Hint Answer % Correct
How many medals did Finland win in the 2016 Olympicsone
100%
Santa Claus lives hereRovaniemi
100%
Finland's biggest neighborRussia
99%
Finland in FinnishSuomi
98%
Year Finland gained independence1917
98%
Finland's offical languagesFinnish and Swedish
97%
Closest Baltic Country to FinlandEstonia
97%
Finland's smallest neighbor countryNorway
97%
Finland in SwedishFinland
93%
Who was Finland's first female presidentTarja Halonen
92%
How many times has Finland won the football Europian championchipzero
92%
Year Finland won their first ice hockey world championchip1995
92%
Finland's ice hockey team nameLeijonat
92%
Year they won the second one2011
91%
Finland's president since 2012Sauli Niinistö
91%
Finland's independence day6.12
90%
Finnish ice hockey player's first name (last name is Grandlund)Mikael
84%
How many members are there in the Finnish parlament200
75%
A famous Finnish buisness known for elevatorsKone
74%
Finland's national anthemMaamme-laulu
71%
And in what sport?boxing
28%

Score Distribution

Percentile by Number Answered

Percent of People with Each Score

Your Score History

You have not taken this quiz